000 00238nam a22000857a 4500
008 160924b xxu||||| |||| 00| 0 eng d
100 _9736
_aAggarwal.N.K.
245 _aGreat Fun with Grammar-3
260 _aNew Delhi
_bMacmillan Publications
_c2012
999 _c3393
_d3393